• 首页
  • 本馆介绍
  • 公告通知
  • 最新文献
  • 馆藏检索
  • 电子资源
  • 读者导购
  • 参考咨询
  • 我的图书馆
  • 登录
  • 详细信息显示
  • 放入我的书架
  • 预约/预借图书
  • 作者相关作品
  • 分类相关作品
  • 丛书相关作品
  • 出版社相关作品

书目信息

  • 表格格式
  • 工作单格式
  • 卡片格式
题名:
大众车系汽车电路图集
    
 
作者: 冯乐 编著
分册:  
出版信息: 北京   电子工业出版社  2015
页数: 198页
开本: 29cm
丛书名: 新编汽车电路图集系列丛书
单 册:
中图分类: U463.62-64
科图分类:
主题词: 汽车--图集--电路图--电气设备
电子资源:
ISBN: 978-7-121-24219-9
000 00942nam0 2200241 450
001 753
005 20160908144505.81
010    @a978-7-121-24219-9@dCNY69.00
100    @a20150407d2015 em y0chiy50 ea
101 0  @achi
102    @aCN@b110000
105    @aa z 000yy
200 1  @a大众车系汽车电路图集@9da zhong che xi qi che dian lu tu ji@f冯乐编著
210    @a北京@c电子工业出版社@d2015
215    @a198页@c图@d29cm
225 1  @a新编汽车电路图集系列丛书
300    @a最新版 全彩印刷
330    @a本书以大众车型为主,车型包括大众辉腾、一汽大众新宝来、一汽大众新捷达、一汽大众CC、上海大众帕萨特、上海大众途观等车型。车型资料均采用当前最新年款,并兼顾旧款车型。资料内容包括发动机控制系统、自动变速器控制系统、空调系统、SRS、ABS以及车身基本装置等。
606 0  @a汽车@j图集@x电路图@x电气设备
690    @aU463.62-64@v5
701  0 @a冯乐@9feng le@4编著
801  0 @aCN@b唐山师范学院图书馆@c20160723
905    @aZUCC@dU463.62-64@e302
    
    大众车系汽车电路图集/冯乐编著.-北京:电子工业出版社,2015
    198页:图;29cm.-(新编汽车电路图集系列丛书)
    最新版 全彩印刷
    
    ISBN 978-7-121-24219-9:CNY69.00
    本书以大众车型为主,车型包括大众辉腾、一汽大众新宝来、一汽大众新捷达、一汽大众CC、上海大众帕萨特、上海大众途观等车型。车型资料均采用当前最新年款,并兼顾旧款车型。资料内容包括发动机控制系统、自动变速器控制系统、空调系统、SRS、ABS以及车身基本装置等。
●
相关链接 在E读中查询图书 在五车中查询图书 在当当中查询图书 在豆瓣中查询图书


正题名:大众车系汽车电路图集     索取号:U463.62-64/302         预约/预借

序号 登录号 条形码 馆藏地/架位号 状态 备注
1 903300   209033008   第二样本阅览室/ [索取号:U463.62-64/302] 在馆    
2 903301   209033017   第三借阅区/ [索取号:U463.62-64/302] 在馆    
3 903302   209033026   第三借阅区/ [索取号:U463.62-64/302] 在馆    
4 903303   209033035   第三借阅区/ [索取号:U463.62-64/302] 在馆    
5 903304   209033044   第三借阅区/ [索取号:U463.62-64/302] 在馆    
唐山师范学院图书馆 欢迎您!
大连网信软件有限公司© 版权所有